00323nam a2200121Ia 4500008004100000041000800041082001500049100002100064245004500085260003300130300002900163365000900192240624s9999 xx 000 0 und d aeng a658.15 LAB aLABBI ABDERRAHIM aHANDBOOK OF INTEGRATED RISK MANAGEMENT F c2005aUSAbJ Ross Publishing ax, : 318 : p. : cm. ; 24 cb30